[Event "Titled Tue 26th Aug Late"]
[Site "chess.com INT"]
[Date "2025.08.26"]
[Round "3"]
[White "Piesik, Piotr"]
[Black "Khlebovich, Alexander"]
[Result "1-0"]
[WhiteTitle "IM"]
[BlackTitle "IM"]
[WhiteElo "2427"]
[BlackElo "2423"]
[WhiteFideId "1136194"]
[BlackFideId "4169123"]
[EventDate "2025.08.26"]

1. Nf3 Nf6 2. g3 g6 3. Bg2 Bg7 4. O-O O-O 5. d4 d5 6. c4 c5 7. Nc3 cxd4 8. Nxd4
e5 9. Ndb5 a6 10. Na3 d4 11. Nd5 Nxd5 12. cxd5 Nd7 13. e3 b5 14. exd4 exd4 15.
Nc2 Qb6 16. Bg5 Bb7 17. Re1 Nf6 18. Qxd4 Qxd4 19. Nxd4 Nxd5 20. Rad1 Rab8 21.
Nb3 h6 22. Bc1 Nb4 23. Bf4 Bxg2 24. Bxb8 Bf3 25. Bd6 Rd8 26. Rd2 Nd5 27. Bc5 Bg4
28. Kg2 Be6 29. Bd4 Bf8 30. Rde2 Nb4 31. Bf6 Rc8 32. Nd4 Nd3 33. Rd1 Bd5+ 34. f3
Nc1 35. Rc2 Rxc2+ 36. Nxc2 1-0

[Event "Titled Tue 26th Aug Late"]
[Site "chess.com INT"]
[Date "2025.08.26"]
[Round "3"]
[White "Adewumi, Tanitoluwa"]
[Black "Demaria, Juan Pablo"]
[Result "0-1"]
[WhiteTitle "IM"]
[BlackTitle "FM"]
[WhiteElo "2421"]
[BlackElo "2215"]
[WhiteFideId "30966396"]
[BlackFideId "104922"]
[EventDate "2025.08.26"]

1. d4 Nf6 2. c4 e6 3. Nc3 Bb4 4. e3 O-O 5. Bd2 d5 6. Nf3 c5 7. cxd5 exd5 8. a3
Bxc3 9. Bxc3 c4 10. b3 Ne4 11. Bb4 Re8 12. bxc4 a5 13. Bd2 Bg4 14. c5 Nc6 15.
Be2 Bxf3 16. gxf3 Nxd2 17. Qxd2 Qh4 18. Rb1 Re7 19. f4 Rae8 20. Rb3 a4 21. Rd3
Re6 22. h3 Rg6 23. Kf1 Ne7 24. Bf3 b6 25. Rc3 bxc5 26. Rxc5 Rb8 27. Ke2 Re6 28.
Kd3 h5 29. Qc2 Rb3+ 30. Rc3 Reb6 31. Rf1 Rxc3+ 32. Kxc3 Rc6+ 33. Kd2 Rxc2+ 34.
Kxc2 Qxh3 35. Be2 Qg2 36. Kd2 h4 37. Bd3 h3 38. Ke2 h2 39. Rb1 g6 40. Rb7 h1=Q
41. Rxe7 Qf3+ 42. Kd2 Qhd1+ 0-1

[Event "Titled Tue 26th Aug Late"]
[Site "chess.com INT"]
[Date "2025.08.26"]
[Round "3"]
[White "Shapiro, Daniel"]
[Black "Pribelszky, Bence"]
[Result "0-1"]
[WhiteTitle "FM"]
[BlackTitle "IM"]
[WhiteElo "2284"]
[BlackElo "2428"]
[WhiteFideId "2001780"]
[BlackFideId "769738"]
[EventDate "2025.08.26"]

1. d4 d5 2. c4 c6 3. Nf3 Nf6 4. Qb3 dxc4 5. Qxc4 b5 6. Qc2 Bb7 7. Bg5 Nbd7 8.
Nbd2 e6 9. Nb3 Rc8 10. Nc5 Nxc5 11. dxc5 Qa5+ 12. Bd2 b4 13. Rc1 Nd7 14. a3 Bxc5
15. Qb3 Qb6 16. Rxc5 Nxc5 17. Qxb4 O-O 18. Be3 Qxb4+ 19. axb4 Na6 20. Bxa7 Nxb4
21. Bc5 Nd5 22. Bxf8 Kxf8 23. Kd2 c5 24. g3 Ba6 25. e4 Bxf1 26. Rxf1 Nb4 27. Rc1
Ke7 28. Rc3 f6 29. Ne1 c4 30. f3 Kd6 31. Nc2 Nd3 32. b3 Ne5 33. f4 Ng4 34. Rxc4
Rb8 35. b4 Nxh2 36. Kc3 Nf3 37. Nd4 Nxd4 38. Kxd4 h5 39. e5+ Kd7 40. exf6 gxf6
41. Kc5 Rc8+ 42. Kd4 Rg8 43. Rc3 Kd6 0-1

[Event "Titled Tue 26th Aug Late"]
[Site "chess.com INT"]
[Date "2025.08.26"]
[Round "3"]
[White "Rustemov, Alexander"]
[Black "Mikhalsky, Vladimir"]
[Result "1-0"]
[WhiteTitle "GM"]
[WhiteElo "2525"]
[BlackElo "2219"]
[WhiteFideId "4119002"]
[BlackFideId "14144352"]
[EventDate "2025.08.26"]

1. d4 Nf6 2. c4 g6 3. Nf3 Bg7 4. g3 O-O 5. Bg2 d6 6. Nc3 Nbd7 7. h3 e5 8. O-O
Re8 9. e4 exd4 10. Nxd4 Nc5 11. Re1 a5 12. b3 c6 13. Bf4 a4 14. Rb1 axb3 15.
axb3 Nh5 16. Be3 Qa5 17. b4 Qa3 18. Ncb5 cxb5 19. Nxb5 Qd3 20. Nxd6 Rd8 21. bxc5
Qa3 22. Qb3 Qa5 23. Qb6 Qxb6 24. Rxb6 Bc3 25. Reb1 Ba5 26. R6b5 Bc7 27. e5 Ra3
28. g4 Ng3 29. R5b3 Ne2+ 30. Kf1 Ra2 31. R1b2 Rxb2 32. Rxb2 Nc3 33. Rb3 Na4 34.
f4 Be6 35. Rxb7 Bxd6 36. cxd6 Bxc4+ 37. Kf2 Nc3 38. Rc7 Nd1+ 39. Kf3 Bd5+ 40.
Ke2 Nxe3 41. Kxe3 Bxg2 42. h4 Bh3 43. Kf3 h5 44. gxh5 gxh5 45. Ke4 Kg7 46. f5
Kf8 47. Kf4 Ra8 48. Kg5 Ra4 49. Kf6 Rf4 50. Rc8# 1-0

[Event "Titled Tue 26th Aug Late"]
[Site "chess.com INT"]
[Date "2025.08.26"]
[Round "3"]
[White "Abramor, Franco"]
[Black "Yurovskykh, Oleksandr"]
[Result "1-0"]
[BlackTitle "FM"]
[WhiteElo "2151"]
[BlackElo "2379"]
[WhiteFideId "181633"]
[BlackFideId "14134020"]
[EventDate "2025.08.26"]

1. e4 d5 2. exd5 Qxd5 3. Nc3 Qd8 4. d4 Nf6 5. Nf3 Bg4 6. Bc4 e6 7. h3 Bxf3 8.
Qxf3 c6 9. Be3 Nbd7 10. O-O-O Bb4 11. Ne4 Nxe4 12. Qxe4 Nf6 13. Qf3 Qa5 14. Bb3
O-O-O 15. c3 Bd6 16. Kb1 Qc7 17. Bg5 Be7 18. Rhe1 Nd5 19. Bc1 Bd6 20. g3 g6 21.
h4 h5 22. Bg5 Rd7 23. c4 Nb4 24. a3 Na6 25. d5 cxd5 26. cxd5 e5 27. Ba4 Rdd8 28.
Rc1 Nc5 29. b4 Kb8 30. bxc5 Bxc5 31. Bxd8 Rxd8 32. Ka2 f5 33. d6 Rxd6 34. Red1
Qa5 35. Rxd6 Bxd6 36. Qc3 Qd8 37. Rd1 Qe7 38. Qc4 a6 39. Qd5 Bc7 40. Rb1 b5 41.
Bxb5 axb5 42. Rxb5+ Kc8 43. Qa8+ Kd7 44. Rd5+ Ke6 45. Qc6+ Bd6 46. a4 Qf8 47. a5
Qb8 48. a6 Qb4 49. Qxd6+ Qxd6 50. Rxd6+ Kxd6 51. a7 1-0

[Event "Titled Tue 26th Aug Late"]
[Site "chess.com INT"]
[Date "2025.08.26"]
[Round "3"]
[White "Steinberg, Nitzan"]
[Black "Gatineau, Yovann"]
[Result "1-0"]
[WhiteTitle "GM"]
[BlackTitle "IM"]
[WhiteElo "2554"]
[BlackElo "2371"]
[WhiteFideId "2801795"]
[BlackFideId "26028999"]
[EventDate "2025.08.26"]

1. e4 e5 2. Nf3 Nc6 3. Bb5 a6 4. Ba4 Nf6 5. O-O Bc5 6. c3 b5 7. Bb3 d6 8. a4 Bg4
9. d3 O-O 10. Re1 h6 11. Nbd2 Bb6 12. Nf1 Re8 13. h3 Be6 14. Ng3 Qd7 15. Nh4 d5
16. Qe2 dxe4 17. Bxe6 Qxe6 18. dxe4 b4 19. Nhf5 bxc3 20. bxc3 Na5 21. Rb1 Rad8
22. Qf3 Rd7 23. Be3 Bxe3 24. fxe3 Kh7 25. Rf1 Nc4 26. Nxg7 Kxg7 27. Qxf6+ Qxf6
28. Nh5+ Kg6 29. Nxf6 Red8 30. Nxd7 Rxd7 31. Rbd1 Re7 32. Rf3 Re6 33. Rd7 Nd6
34. Rxc7 Nxe4 35. Rfxf7 Rd6 36. Rfd7 Rf6 37. Rg7+ Kh5 38. Rcf7 Rd6 39. Rf5+ Ng5
40. Rxe5 Kh4 41. Kh2 Rd2 42. Rexg5 hxg5 43. Rh7# 1-0

[Event "Titled Tue 26th Aug Late"]
[Site "chess.com INT"]
[Date "2025.08.26"]
[Round "3"]
[White "Clawitter, Craig"]
[Black "Dotzer, Lukas"]
[Result "0-1"]
[BlackTitle "IM"]
[WhiteElo "2050"]
[BlackElo "2472"]
[WhiteFideId "2023105"]
[BlackFideId "1666975"]
[EventDate "2025.08.26"]

1. e4 e6 2. d4 d5 3. e5 c5 4. c3 Nc6 5. Nf3 Bd7 6. Be2 Nge7 7. O-O Nf5 8. dxc5
Bxc5 9. b4 Bb6 10. Bd3 Nh4 11. Nbd2 Ng6 12. Re1 Qc7 13. Nf1 Ncxe5 14. Nxe5 Nxe5
15. Bf4 Bxf2+ 16. Kxf2 Nxd3+ 17. Qxd3 Qxf4+ 18. Kg1 O-O 19. Ng3 Rac8 20. Re3 Bb5
21. Qd2 d4 22. cxd4 Rc2 23. Qe1 Bc6 24. Ne4 f5 25. Nf2 Qxd4 26. Rd1 Qc4 27. Rxe6
Qxa2 28. Re7 h6 29. Qe5 Rf7 30. Rd8+ Kh7 31. Ree8 Rc1+ 32. Rd1 Rxd1+ 33. Nxd1
Qxg2# 0-1

[Event "Titled Tue 26th Aug Late"]
[Site "chess.com INT"]
[Date "2025.08.26"]
[Round "3"]
[White "Zakarian, David"]
[Black "Schnaider, Ilan"]
[Result "1-0"]
[WhiteTitle "FM"]
[BlackTitle "IM"]
[WhiteElo "2301"]
[BlackElo "2386"]
[WhiteFideId "13301276"]
[BlackFideId "169013"]
[EventDate "2025.08.26"]

1. Nf3 c5 2. e3 d5 3. d4 Nf6 4. c3 b6 5. Bb5+ Bd7 6. Be2 e6 7. Ne5 Bd6 8. f4 Ne4
9. O-O O-O 10. Nd2 f5 11. Nxe4 fxe4 12. Bd2 Nc6 13. Be1 Nxe5 14. fxe5 Be7 15.
Rxf8+ Qxf8 16. Bg4 Bg5 17. Qe2 Qf7 18. h4 Bh6 19. Bd2 Qe7 20. Qf2 Rf8 21. Qg3
Bb5 22. Qh3 Re8 23. a4 Bd3 24. a5 b5 25. b4 cxd4 26. cxd4 a6 27. Rc1 Bc4 28. Be1
Kh8 29. Rc2 Kg8 30. Rf2 Bd3 31. Bd2 Bc4 32. Bh5 Rf8 33. Bg4 Rxf2 34. Bxe6+ Rf7
35. Bxf7+ Qxf7 36. Qc8+ Qf8 37. Qe6+ Kh8 38. Qxa6 Qf1+ 39. Kh2 Qf8 40. Qd6 Qa8
41. e6 g6 42. e7 Kg7 43. Qd8 Qc6 44. Qf8# 1-0

[Event "Titled Tue 26th Aug Late"]
[Site "chess.com INT"]
[Date "2025.08.26"]
[Round "3"]
[White "Perelygin, Mikhail"]
[Black "Velikanov, Alexander"]
[Result "1-0"]
[WhiteTitle "CM"]
[BlackTitle "IM"]
[WhiteElo "2227"]
[BlackElo "2364"]
[WhiteFideId "24153630"]
[BlackFideId "2039290"]
[EventDate "2025.08.26"]

1. d4 Nf6 2. g3 g6 3. Bg2 Bg7 4. Nf3 O-O 5. O-O d6 6. c4 Nbd7 7. Nc3 e5 8. dxe5
dxe5 9. Qc2 Re8 10. Na4 e4 11. Ng5 e3 12. Bxe3 Rxe3 13. fxe3 Ne5 14. Rad1 Qe7
15. h3 Nh5 16. Ne4 f5 17. Nec5 Nxg3 18. Rf2 Rb8 19. Qd2 Bf6 20. Qd5+ Kg7 21. Nd3
Nf7 22. Nf4 c6 23. Qd2 g5 24. Nd3 b6 25. c5 bxc5 26. Naxc5 Nd6 27. Kh2 Qc7 28.
Nf4 Nc4 29. Qd3 gxf4 30. exf4 Nh5 31. Qxc4 1-0

[Event "Titled Tue 26th Aug Late"]
[Site "chess.com INT"]
[Date "2025.08.26"]
[Round "3"]
[White "Weisz, Bryan"]
[Black "Hernandez Leon, Sergio"]
[Result "1-0"]
[BlackTitle "CM"]
[WhiteElo "2078"]
[BlackElo "2117"]
[WhiteFideId "30934133"]
[BlackFideId "2285622"]
[EventDate "2025.08.26"]

1. Nf3 d5 2. e3 g6 3. c4 Nf6 4. cxd5 Nxd5 5. d4 Bg7 6. e4 Nb6 7. h3 O-O 8. Nc3
Nc6 9. Be3 Kh8 10. Be2 f5 11. exf5 gxf5 12. Qd2 Be6 13. O-O Nd5 14. Nxd5 Bxd5
15. Rfd1 Qe8 16. Bf4 Rc8 17. Ne5 Nxe5 18. dxe5 e6 19. Rac1 Qg6 20. Bf1 Qf7 21.
Qe3 a6 22. Bc4 c6 23. Qb6 Qd7 24. Rd3 Rfd8 25. Rcd1 Qc7 26. Qc5 Bxe5 27. Bg5 Rg8
28. h4 h6 29. Bxd5 cxd5 30. Qxc7 Rxc7 31. Bxh6 Bxb2 32. Bf4 e5 33. Bh2 d4 34.
Bxe5+ Kh7 35. Bxc7 1-0

[Event "Titled Tue 26th Aug Late"]
[Site "chess.com INT"]
[Date "2025.08.26"]
[Round "3"]
[White "Herbrig, Alexander"]
[Black "Storey, Charles H"]
[Result "0-1"]
[WhiteTitle "FM"]
[BlackTitle "FM"]
[WhiteElo "2292"]
[BlackElo "2095"]
[WhiteFideId "12952044"]
[BlackFideId "406686"]
[EventDate "2025.08.26"]

1. d4 Nf6 2. Nf3 g6 3. Bf4 Bg7 4. e3 d6 5. Nbd2 Nbd7 6. c3 O-O 7. Bd3 b6 8. Bg5
Bb7 9. O-O c5 10. Qe2 Re8 11. a4 e5 12. dxe5 dxe5 13. e4 Qc7 14. Ba6 Bxa6 15.
Qxa6 Nb8 16. Qc4 Nc6 17. b4 Rac8 18. Rfc1 h6 19. Be3 Ng4 20. Nf1 Ne7 21. bxc5
Nxe3 22. Nxe3 Qxc5 23. Qxc5 Rxc5 24. c4 Rec8 25. Nd2 h5 26. Nb3 R5c6 27. Nd5 Kf8
28. a5 Bh6 29. f4 Nxd5 30. exd5 Rxc4 31. Rxc4 Rxc4 32. axb6 axb6 33. fxe5 Bf4
34. d6 Rc8 35. Re1 Rc3 36. g3 Be3+ 37. Rxe3 Rxe3 38. Nd4 Rxe5 39. d7 Rd5 40. Nb5
Rxd7 41. Kg2 Ke7 42. Nc3 Rd2+ 43. Kh3 Rd4 44. Nb5 Rd3 0-1

[Event "Titled Tue 26th Aug Late"]
[Site "chess.com INT"]
[Date "2025.08.26"]
[Round "3"]
[White "Kovacs, Reka"]
[Black "Foldes, Marton Gabor"]
[Result "0-1"]
[WhiteTitle "WCM"]
[BlackTitle "FM"]
[WhiteElo "1915"]
[BlackElo "2293"]
[WhiteFideId "790702"]
[BlackFideId "794708"]
[EventDate "2025.08.26"]

1. e4 Nf6 2. e5 Nd5 3. c4 Nb6 4. d4 d6 5. exd6 cxd6 6. Nc3 g6 7. h3 Bg7 8. Nf3
O-O 9. Be2 Nc6 10. O-O Bf5 11. a4 d5 12. c5 Nc8 13. Be3 Nb4 14. Rc1 b6 15. cxb6
Nxb6 16. Qb3 a5 17. Bb5 Rc8 18. Na2 Nc2 19. Bd2 Na8 20. Nc3 Nxd4 21. Nxd4 Bxd4
22. Nxd5 Rxc1 23. Rxc1 Be6 24. Bc4 Qd6 25. Ne3 Rb8 26. Qd3 Bxc4 27. Qxc4 Bxb2
28. Rb1 Qxd2 29. Nf1 Qd6 30. Rxb2 Rxb2 31. Qc8+ Kg7 32. Qxa8 Qf6 33. f3 Qd4+ 34.
Kh2 Qxa4 35. Qa7 Qb4 0-1

[Event "Titled Tue 26th Aug Late"]
[Site "chess.com INT"]
[Date "2025.08.26"]
[Round "3"]
[White "Fernandes, Rogerio Paulo Muller"]
[Black "Tikhonov, Viacheslav"]
[Result "0-1"]
[BlackTitle "CM"]
[WhiteElo "2241"]
[BlackElo "2183"]
[WhiteFideId "2101599"]
[BlackFideId "44196407"]
[EventDate "2025.08.26"]

1. c4 g6 2. g3 c5 3. Bg2 Nc6 4. Nf3 Bg7 5. Nc3 e5 6. d3 d6 7. O-O Nge7 8. a3 O-O
9. Rb1 a5 10. Bd2 h6 11. Ne1 Be6 12. Nd5 f5 13. Nc2 Nd4 14. Nxd4 cxd4 15. Nxe7+
Qxe7 16. b4 a4 17. Rc1 Kh7 18. e3 dxe3 19. fxe3 Qd7 20. Qf3 Rab8 21. d4 e4 22.
Qd1 b5 23. cxb5 Bb3 24. Qe2 Rfc8 25. Rxc8 Rxc8 26. Rc1 d5 27. Rc5 Bc4 28. Qd1
Bb3 29. Qc1 Bc4 30. b6 Rb8 31. Qc2 Rxb6 32. Bf1 Bxf1 33. Kxf1 Rb7 34. Qa2 f4 35.
Qxd5 Qh3+ 36. Kg1 f3 37. Qxe4 Qg2# 0-1

[Event "Titled Tue 26th Aug Late"]
[Site "chess.com INT"]
[Date "2025.08.26"]
[Round "3"]
[White "Caprio, Guido"]
[Black "Gorbenko, Rustem"]
[Result "1-0"]
[WhiteTitle "IM"]
[BlackTitle "CM"]
[WhiteElo "2435"]
[BlackElo "2201"]
[WhiteFideId "834580"]
[BlackFideId "14111438"]
[EventDate "2025.08.26"]

1. e4 e6 2. d4 d5 3. Nc3 Bb4 4. e5 c5 5. a3 Bxc3+ 6. bxc3 Qa5 7. Bd2 Qa4 8. Qb1
c4 9. h4 Nc6 10. h5 h6 11. Nf3 Nge7 12. Rh3 Bd7 13. Nh4 O-O-O 14. Rg3 Rdg8 15.
Be2 g5 16. hxg6 Nxg6 17. Nxg6 Rxg6 18. Rxg6 fxg6 19. f4 g5 20. g3 Qa5 21. a4
gxf4 22. gxf4 Rg8 23. Qb5 Rg1+ 24. Bf1 Qd8 25. O-O-O Nxe5 26. Qc5+ Nc6 27. f5
exf5 28. Qxd5 Qe7 29. Qxc4 Qa3+ 30. Kb1 Kb8 31. d5 a6 32. dxc6 Bxc6 33. Bf4+ Ka8
34. Be2 Rxd1+ 35. Bxd1 Qxa4 36. Qg8+ Ka7 37. Qb8+ Kb6 38. Qd8+ Kb5 39. Be2+ Kc5
40. Be3+ Qd4 41. Qxd4# 1-0

[Event "Titled Tue 26th Aug Late"]
[Site "chess.com INT"]
[Date "2025.08.26"]
[Round "3"]
[White "Do Carmo, Gabriel Carckeno"]
[Black "Garcia Hernandez, Rebeca"]
[Result "1-0"]
[BlackTitle "WCM"]
[WhiteElo "2051"]
[BlackElo "1943"]
[WhiteFideId "22783024"]
[BlackFideId "5180872"]
[EventDate "2025.08.26"]

1. c4 c5 2. Nc3 Nc6 3. g3 g6 4. Bg2 Bg7 5. e4 d6 6. Nge2 e6 7. O-O Nge7 8. d3
O-O 9. Be3 Nd4 10. f4 a6 11. a4 Bd7 12. Rb1 a5 13. b3 Bc6 14. Qd2 f5 15. Nb5 e5
16. Nec3 Bxb5 17. axb5 Rb8 18. Na4 b6 19. h3 Qd7 20. Kh2 Kh8 21. Bxd4 exd4 22.
Rbe1 fxe4 23. dxe4 Bh6 24. h4 Bg7 25. Bh3 Qc7 26. Qd3 h5 27. Nb2 Ng8 28. e5 Ne7
29. exd6 Qxd6 30. Re6 Qc7 31. Rfe1 Nf5 32. Rxg6 Qf7 33. Bxf5 Qxf5 34. Qxf5 Rxf5
35. Nd3 1-0

[Event "Titled Tue 26th Aug Late"]
[Site "chess.com INT"]
[Date "2025.08.26"]
[Round "3"]
[White "Oluka Robert Mcligeyo"]
[Black "Buchenau, Frank"]
[Result "1-0"]
[WhiteTitle "CM"]
[BlackTitle "FM"]
[WhiteElo "2081"]
[BlackElo "2205"]
[WhiteFideId "10814647"]
[BlackFideId "4604350"]
[EventDate "2025.08.26"]

1. e4 e6 2. d4 d5 3. Nd2 Nc6 4. exd5 exd5 5. Ngf3 Bf5 6. c3 Bd6 7. Bb5 Ne7 8.
O-O O-O 9. Re1 f6 10. Nf1 Qd7 11. a4 a6 12. Bd3 Rae8 13. Ne3 Be4 14. Bxe4 dxe4
15. Nd2 f5 16. Nec4 Ng6 17. Nxd6 cxd6 18. Nc4 d5 19. Nb6 Qd8 20. Qb3 Nge7 21.
Bg5 h6 22. Bxe7 Nxe7 23. f3 Kh8 24. fxe4 fxe4 25. a5 Rf6 26. Rf1 Ref8 27. Rxf6
Rxf6 28. Rf1 Rxf1+ 29. Kxf1 Qf8+ 30. Ke2 Qf5 31. Qb4 Qg4+ 32. Kf2 Ng6 33. Qd6
Nf4 34. Nxd5 Qxg2+ 35. Ke3 Qf3+ 36. Kd2 Nxd5 37. Qxd5 e3+ 38. Ke1 1-0

[Event "Titled Tue 26th Aug Late"]
[Site "chess.com INT"]
[Date "2025.08.26"]
[Round "3"]
[White "Paduano, Claudio"]
[Black "Popov, Konstantin"]
[Result "1/2-1/2"]
[WhiteTitle "FM"]
[BlackTitle "IM"]
[WhiteElo "2280"]
[BlackElo "2397"]
[WhiteFideId "2806393"]
[BlackFideId "34137910"]
[EventDate "2025.08.26"]

1. d4 Nf6 2. c4 c5 3. d5 b5 4. cxb5 a6 5. b6 Qxb6 6. Nc3 g6 7. e4 d6 8. h3 Bg7
9. Nf3 a5 10. Bb5+ Nbd7 11. O-O Ba6 12. a4 O-O 13. Nd2 Bxb5 14. axb5 Ne8 15. Nc4
Qc7 16. Bd2 Ne5 17. Qe2 Nxc4 18. Qxc4 Qb7 19. Ra3 Nc7 20. Rfa1 Qb6 21. Rb3 Rfb8
22. Na4 Qb7 23. b6 Ne8 24. Qb5 Nf6 25. f3 Nd7 26. Bxa5 c4 27. Rb4 Bd4+ 28. Kh1
Ne5 29. f4 Nd7 30. Rxc4 Bxb6 31. Nxb6 Nxb6 32. Rc6 Nd7 33. Qxb7 Rxb7 34. b4 Rxb4
35. Bxb4 Rxa1+ 36. Kh2 Ra4 37. Rc8+ Kg7 38. Bc3+ Nf6 39. e5 dxe5 40. Bxe5 Ra7
41. g4 Rd7 42. g5 Rxd5 43. Rc6 h6 44. gxf6+ exf6 45. Bxf6+ Kh7 46. Rc8 g5 47.
fxg5 hxg5 48. Rc7 Kg6 49. Rc6 Kf5 50. Be7 Rd2+ 51. Kg3 Rd3+ 52. Kg2 Rd2+ 53. Kf1
Rd3 54. Rf6+ Ke5 55. Kg2 Rd7 56. Rxf7 Ke6 57. Rg7 Rxe7 58. Rxg5 Kf6 59. h4 Rg7
60. Rxg7 Kxg7 61. Kg3 Kh6 62. Kg4 Kg6 63. h5+ Kh6 64. Kg3 Kxh5 1/2-1/2

[Event "Titled Tue 26th Aug Late"]
[Site "chess.com INT"]
[Date "2025.08.26"]
[Round "3"]
[White "Hejazipour, Mitra"]
[Black "Nasuta, Grzegorz"]
[Result "0-1"]
[WhiteTitle "WGM"]
[BlackTitle "GM"]
[WhiteElo "2329"]
[BlackElo "2513"]
[WhiteFideId "12505951"]
[BlackFideId "1141686"]
[EventDate "2025.08.26"]

1. e4 c5 2. Nf3 d6 3. Bb5+ Bd7 4. Bxd7+ Nxd7 5. O-O Ngf6 6. Re1 e6 7. c4 Ne5 8.
d3 Be7 9. Nc3 O-O 10. Bf4 Nfd7 11. b3 Bf6 12. Rc1 a6 13. Be3 Nxf3+ 14. Qxf3 b5
15. cxb5 axb5 16. Nxb5 Rxa2 17. Nxd6 Ne5 18. Qg3 Qxd6 19. Bxc5 Qxd3 20. Bxf8
Qxg3 21. hxg3 Kxf8 22. Rc8+ Ke7 23. Rec1 Nd7 24. Rd1 Ra7 25. f4 Bb2 26. b4 Rb7
27. b5 Ba3 28. Rd3 Bc5+ 29. Kf1 Rxb5 30. Rc7 Bd6 31. Ra7 e5 32. f5 Rc5 33. Ra6
Bc7 34. Ke2 Nf6 35. Kf3 h5 36. Ra7 Rc4 37. Rb3 Kd7 38. Rd3+ Ke8 39. Ra8+ Ke7 40.
Re3 Rc2 41. Rb3 Ng4 42. f6+ gxf6 0-1

[Event "Titled Tue 26th Aug Late"]
[Site "chess.com INT"]
[Date "2025.08.26"]
[Round "3"]
[White "Wang, Jeffery"]
[Black "Almedina Ortiz, Edgardo J."]
[Result "1-0"]
[WhiteTitle "CM"]
[BlackTitle "FM"]
[WhiteElo "2112"]
[BlackElo "2210"]
[WhiteFideId "30956412"]
[BlackFideId "3100197"]
[EventDate "2025.08.26"]

1. e4 c6 2. d4 d5 3. exd5 cxd5 4. Bd3 Nc6 5. c3 Nf6 6. Bf4 Bg4 7. Qb3 Qd7 8. Nd2
e6 9. Ngf3 Bd6 10. Bxd6 Qxd6 11. O-O O-O 12. Rfe1 Qc7 13. a4 Bxf3 14. Nxf3 Rab8
15. Qc2 g6 16. Qe2 Rfc8 17. Nd2 Na5 18. Rec1 Nc4 19. b3 Nxd2 20. Qxd2 Qb6 21. b4
Qd6 22. g3 Rc7 23. Rab1 Rbc8 24. Rb3 Kg7 25. b5 b6 26. Ra1 e5 27. a5 Ne4 28.
Bxe4 dxe4 29. axb6 axb6 30. Qe3 exd4 31. cxd4 Qd5 32. Rba3 Rc4 33. Ra6 Rc3 34.
Qd2 Rd3 35. Qb2 Rb3 36. Qe2 Rxb5 37. Re1 Qxd4 38. Qxe4 Qxe4 39. Rxe4 Rc6 40. Re7
Rf6 41. Re2 Rb1+ 42. Kg2 h5 43. Ra7 b5 44. h4 Rb6 45. Ree7 Rf6 46. Ra2 1-0

[Event "Titled Tue 26th Aug Late"]
[Site "chess.com INT"]
[Date "2025.08.26"]
[Round "3"]
[White "Garcia Correa, Jose Ricardo"]
[Black "Isik, Engin Yasar"]
[Result "0-1"]
[WhiteTitle "FM"]
[BlackTitle "CM"]
[WhiteElo "2103"]
[BlackElo "2094"]
[WhiteFideId "5101832"]
[BlackFideId "6301886"]
[EventDate "2025.08.26"]

1. e4 e6 2. d4 d5 3. Nc3 dxe4 4. Nxe4 Nd7 5. Nf3 Ngf6 6. Ng3 c5 7. Bd3 b6 8. Qe2
Bb7 9. Bg5 Be7 10. dxc5 Bxc5 11. O-O-O O-O 12. Bb5 Qc7 13. Kb1 h6 14. Bc1 Rfd8
15. Rhg1 Nd5 16. Nh5 N7f6 17. g4 a6 18. Nxf6+ Nxf6 19. Bd3 Nd5 20. g5 h5 21. g6
fxg6 22. Qxe6+ Qf7 23. Qh3 Nc3+ 24. bxc3 Qxf3 25. Qe6+ Qf7 26. Rxg6 Qxe6 27.
Rxe6 Bd5 28. Rg6 Bf7 29. Rg5 Kf8 30. Rdg1 Rd6 31. Be4 Re8 32. Bf3 g6 33. c4 Bxf2
34. Rf1 Be3 35. Bd5 Bxg5 36. Rxf7+ Kg8 37. Rd7+ Rxd5 38. cxd5 Re1 0-1

[Event "Titled Tue 26th Aug Late"]
[Site "chess.com INT"]
[Date "2025.08.26"]
[Round "3"]
[White "Rosen, Eric"]
[Black "Kocharin, Timur"]
[Result "1-0"]
[WhiteTitle "IM"]
[BlackTitle "FM"]
[WhiteElo "2377"]
[BlackElo "2310"]
[WhiteFideId "2032562"]
[BlackFideId "16240936"]
[EventDate "2025.08.26"]

1. d4 Nf6 2. Bf4 d5 3. Nf3 c5 4. e3 Nc6 5. Nbd2 e6 6. c3 Be7 7. Bd3 Nh5 8. Bg3
h6 9. Qe2 Nxg3 10. hxg3 Bd7 11. Rd1 Qc7 12. O-O O-O 13. dxc5 Bxc5 14. e4 Bb6 15.
exd5 exd5 16. Bc2 g6 17. Nb3 Bg4 18. Kh2 Rfe8 19. Qd2 h5 20. Qxd5 Rad8 21. Qc4
Be6 22. Qh4 Bg4 23. Rxd8 Rxd8 24. Qf6 Rd6 25. Qf4 Qd7 26. a4 Bc7 27. Qh6 Bxf3
28. gxf3 Qe7 29. Be4 Ne5 30. Kg2 b6 31. Re1 Qf6 32. Nd4 Bd8 33. Qe3 Nc4 34. Qe2
Ne5 35. Nb5 Re6 36. Bd5 Re7 37. Qd1 1-0

[Event "Titled Tue 26th Aug Late"]
[Site "chess.com INT"]
[Date "2025.08.26"]
[Round "3"]
[White "Reprintsev, Alexander"]
[Black "Andreikin, Dmitry"]
[Result "0-1"]
[WhiteTitle "IM"]
[BlackTitle "GM"]
[WhiteElo "2256"]
[BlackElo "2695"]
[WhiteFideId "14100541"]
[BlackFideId "4158814"]
[EventDate "2025.08.26"]

1. e4 c5 2. b3 g6 3. Bb2 Nf6 4. Nc3 Bg7 5. e5 Nh5 6. d4 cxd4 7. Qxd4 Nc6 8. Qd2
Bxe5 9. Nge2 d6 10. O-O-O Bd7 11. h3 Bg7 12. g4 Nf6 13. f4 Rc8 14. Bg2 Qa5 15.
Kb1 O-O 16. Bf3 b5 17. g5 Nh5 18. Bxh5 gxh5 19. Ng3 Nb4 20. a3 Nxc2 21. Qxc2
Bxc3 22. b4 Bxb2 23. Qxb2 Qa4 24. Nxh5 Bf5+ 25. Ka1 e5 26. Rd2 Rc2 27. Rxc2 Qxc2
28. Qxc2 Bxc2 29. fxe5 dxe5 30. Re1 e4 31. Kb2 Bd3 32. Kc3 Rc8+ 33. Kd4 Kf8 34.
Nf6 Rc4+ 35. Kd5 Kg7 36. Nxe4 Bxe4+ 37. Rxe4 Rc3 38. h4 Rxa3 39. Kc5 a6 40. h5
Rg3 41. Re5 Rg4 42. Rd5 h6 43. gxh6+ Kxh6 44. Rf5 Rg5 45. Rxg5 Kxg5 46. Kb6 f5
47. Kxa6 f4 48. Kxb5 f3 0-1